Most Common Letter Pairs of Country Names - Statistics

General Stats
  • This quiz has been taken 31 times
    16 since last reset
  • The average score is 17 of 24
Answer Stats
Hint Answer % Correct
K Ka | Ke | Ki | Ko | Ku | Ky
83%
A An
75%
B Ba | Be
75%
C Ca | Co
75%
D De | Do
75%
H Ha | Ho | Hu
75%
M Ma
75%
N Ne | Ni
75%
O Om
75%
P Pa
75%
Q Qa
75%
R Re | Ro | Ru | Rw
75%
F Fi
67%
G Gu
67%
I Ir
67%
J Ja
67%
L Li
67%
S Sa
67%
T Tu
67%
U Un
67%
V Va
67%
Y Ye
67%
E Es
58%
Z Za | Zi
58%
No matching quizzes found
Score Distribution
Percent of People with Each Score
Percentile by Number Answered
Your Score History
You have not taken this quiz since the last reset